书目信息 |
| 题名: |
全国艺术硕士(MFA)入学资格考试历年真题详解
|
|
| 作者: | 艺术硕士学位全国联考命题研究组 编 | |
| 分册: | ||
| 出版信息: | 北京 中国石化出版社 2013.05 |
|
| 页数: | 225页 | |
| 开本: | 26cm | |
| 丛书名: | ||
| 单 册: | ||
| 中图分类: | J-44 | |
| 科图分类: | ||
| 主题词: | 艺术 , 艺术--硕士生--入学考试--题解 | |
| 电子资源: | ||
| ISBN: | 978-7-5114-2120-3 | |
| 000 | 01208nam0 2200301 450 | |
| 001 | 0100140774 | |
| 005 | 20141020221626.0 | |
| 010 | @a978-7-5114-2120-3@dCNY38.00 | |
| 100 | @a20130620d2013 em y0chiy50 ea | |
| 101 | 0 | @achi@aeng |
| 101 | 11 | @achi |
| 102 | @aCN@b110000 | |
| 105 | @ay zq 000yy | |
| 106 | @ar | |
| 200 | 1 | @a全国艺术硕士(MFA)入学资格考试历年真题详解@Aquan guo yi shu shuo shi MFA ru xue zi ge kao shi li nian zhen ti xiang jie@b专著@f艺术硕士学位全国联考命题研究组编@Fyi shu shuo shi xue wei quan guo lian kao ming ti yan jiu zu bian |
| 205 | @a2版 | |
| 210 | @a北京@c中国石化出版社@d2013.05 | |
| 215 | @a225页@d26cm | |
| 300 | @a艺术硕士学位全国联考辅导用书 | |
| 330 | @a本书根据最新版《艺术硕士专业学位研究生入学资格全国联考考试大纲及指南》规定的考试要求编写,收录了2005~2012年艺术硕士全国联考的历年真题,并对所有的真题进行了解答。 | |
| 540 | @a全国艺术硕士(MFA)入学资格考试历年真题详解 | |
| 606 | 0 | @a艺术 |
| 606 | 0 | @a艺术@x硕士生@x入学考试@j题解 |
| 690 | @aJ-44@v5 | |
| 701 | 0 | @a艺术硕士学位全国联考命题研究组@Ayi shu shuo shi xue wei quan guo lian kao ming ti yan jiu zu@4编 |
| 801 | @aCN | |
| 901 | @a001 | |
| 905 | @b1104097-9@dJ-44@eY531@f3@a241430 | |
| 全国艺术硕士(MFA)入学资格考试历年真题详解/艺术硕士学位全国联考命题研究组编.-2版.-北京:中国石化出版社,2013.05 |
| 225页;26cm |
| 艺术硕士学位全国联考辅导用书 |
| ISBN 978-7-5114-2120-3:CNY38.00 |
| 本书根据最新版《艺术硕士专业学位研究生入学资格全国联考考试大纲及指南》规定的考试要求编写,收录了2005~2012年艺术硕士全国联考的历年真题,并对所有的真题进行了解答。 |
| ● |
| 相关链接 |
|
|
|
正题名:全国艺术硕士(MFA)入学资格考试历年真题详
索取号:J-44/Y531
 
预约/预借
| 序号 | 登录号 | 条形码 | 馆藏地/架位号 | 状态 | 备注 |
| 1 | 1104097 | 211040979 | 社科库309/309社科库 61排1列3层/ [索取号:J-44/Y531] | 在馆 | |
| 2 | 1104098 | 211040988 | 社科库309/309社科库 61排1列3层/ [索取号:J-44/Y531] | 在馆 | |
| 3 | 1104099 | 211040997 | 社科二线400B/400B社科库 4排2列1层/ [索取号:J-44/Y531] | 在馆 |